| 000 | 00000nam##2200000za#4500 |
| 001 | 9.632929 |
| 003 | CaOODSP |
| 005 | 20210624215055 |
| 007 | cr ||||||||||| |
| 008 | 150407|2001||||xxc|||||o f|0| 0 fre|d |
| 040 | |aCaOODSP|bfre |
| 043 | |an-cn--- |
| 086 | 1 |aSW21-54/2000F-PDF |
| 110 | 1 |aCanada. |bCondition féminine Canada. |
| 245 | 10|aQui prends pays : |h[ressource électronique]|bl'impact du parrainage sur les droits à l'égalité des femmes immigrantes / |c[par] Andrée Côté, Michèle Kérisit et Marie-Louise Côté. |
| 260 | |aOttawa - Ontario : |bCondition féminine Canada |c2001. |
| 300 | |a261p. |
| 500 | |aLe n° de catalogue et ISBN de l'édition imprimée 2000 à été imprimé dans cette édition électronique. |
| 504 | |aBibliographie. |
| 590 | |a06-10-Supp|b2006-12-15 |
| 691 | 07|aImmigrant|2gcpds |
| 691 | 07|aDroits sociaux|2gcpds |
| 691 | 07|aConditions sociales|2gcpds |
| 691 | 07|aFemme|2gcpds |
| 720 | 1 |aCôté, Andrée |
| 720 | 1 |aKérisit, Michèle |
| 720 | 1 |aCôté, Marie-Louise |
| 775 | 08|tSponsorship... for better or for worse : |w(CaOODSP)9.688504 |
| 776 | 0#|tQui prends pays : |w(CaOODSP)9.681183 |
| 856 | 40|ahttp://publications.gc.ca|qPDF|s1605 Ko|uhttps://publications.gc.ca/collections/Collection/SW21-54-2000F.pdf |